• 首页
  • 本馆介绍
  • 公告通知
  • 最新文献
  • 馆藏检索
  • 电子资源
  • 读者导购
  • 参考咨询
  • 我的图书馆
  • 登录
  • 详细信息显示
  • 放入我的书架
  • 预约/预借图书
  • 作者相关作品
  • 分类相关作品
  • 丛书相关作品
  • 出版社相关作品

书目信息

  • 表格格式
  • 工作单格式
  • 卡片格式
题名:
自动调节原理
    
 
作者: 殷树德 主编
分册:  
出版信息: 北京   水利电力出版社  1985
页数: 279页
开本: 26cm
丛书名:
单 册:
中图分类: TP272
科图分类:
主题词: 自动调节系统--专业学校--教材
电子资源:
ISBN: 15143.5869
000 00656nam0 2200241 450
001 0185020103
005 20100712221411.0
010    @a15143.5869@dCNY3.20
091    @a15143.5869
100    @a19900928d1985 em y0chiy0110 ea
101 0  @achi
102    @aCN@b110000
105    @ay z 000yy
106    @ar
200 1  @a自动调节原理@9Zi Dong Diao;Tiao Jie Yuan Li @f殷树德主编
210    @a北京@c水利电力出版社@d1985
215    @a279页@d26cm
300    @a中等专业学校教材
606 0  @a自动调节系统@x专业学校@x教材
690    @aTP272@v3
701  0 @a殷树德@9yin shu de@4主编
801  0 @aCN@bAzMarc@c20130904
905    @aBZT@dTP272@e1@f2@sTP272/1
    
    自动调节原理/殷树德主编.-北京:水利电力出版社,1985
    279页;26cm
    中等专业学校教材
    
    ISBN 15143.5869:CNY3.20
    
●
相关链接 在五车中查询图书 在当当中查询图书 在豆瓣中查询图书


正题名:自动调节原理     索取号:TP272/1         预约/预借

序号 登录号 条形码 馆藏地/架位号 状态 备注
1 2000120397   2000120397   旧书回溯/ [索取号:TP272/1] 在馆    
2 2000120398   2000120398   旧书回溯/ [索取号:TP272/1] 在馆    
山东省滨州职业学院图书馆 欢迎您!
大连网信软件有限公司© 版权所有